ATM switching systems

Αποθηκεύτηκε σε:
Λεπτομέρειες βιβλιογραφικής εγγραφής
Κύριος συγγραφέας: Chen, Thomas M.
Άλλοι συγγραφείς: Liu, Stephen S.
Μορφή: Βιβλίο
Γλώσσα:English
Δημοσίευση: Boston : Artech House, c1995
Σειρά:Artech House telecommunications library
Θέματα:
Ετικέτες: Προσθήκη ετικέτας
Δεν υπάρχουν, Καταχωρήστε ετικέτα πρώτοι!

MARC

LEADER 00000cam a2200000 i 4500
001 1/1972
008 000419s1995 eng d
020 |a 0890066825 (acid-free paper) 
035 |l 10060228 
040 |a GR-MY-UA  |b gre  |e aacr 
041 0 |a eng 
082 0 |a 621.382 
100 1 |a Chen, Thomas M. 
245 1 0 |a ATM switching systems /  |c Thomas M. Chen, Stephen S. Liu 
246 3 3 |a Asynchronous transfer mode switching systems 
260 |a Boston :   |b Artech House,   |c c1995 
300 |a xvii, 267 p.;  |b ill.;  |c 24 cm 
490 1 |a Artech House telecommunications library 
650 0 0 |a Asynchronous transfer mode. 
700 1 |a Liu, Stephen S. 
830 0 |a Artech House telecommunications library 
852 |a INST  |b CHIOS  |e 20000419  |h 621.382 CHE  |p 005200018756  |q 005200018756  |t BK  |y 0 
901 |a BIBL2-2000-2 
909 |a Χ  |b 074380 
970 |z 2000/04/ΜΙΧΑΗΛΙΔΟΥ ΑΝΝΑ